Цирк : (Record no. 298755)
[ view plain ]
| 000 -LEADER | |
|---|---|
| fixed length control field | 01090nam a2200253 a 4500 |
| 001 - CONTROL NUMBER | |
| control field | 000827785 |
| 003 - CONTROL NUMBER IDENTIFIER | |
| control field | AM-YeHGA |
| 005 - DATE AND TIME OF LATEST TRANSACTION | |
| control field | 20250617144656.0 |
| 008 - FIXED-LENGTH DATA ELEMENTS--GENERAL INFORMATION | |
| fixed length control field | 110823s1973 ||| r 000 0 rus d |
| 040 ## - CATALOGING SOURCE | |
| Original cataloging agency | AM-YeHGA |
| 041 0# - LANGUAGE CODE | |
| Language code of text/sound track or separate title | rus |
| 090 ## - LOCALLY ASSIGNED LC-TYPE CALL NUMBER (OCLC); LOCAL CALL NUMBER (RLIN) | |
| -- | 300449 |
| 245 00 - TITLE STATEMENT | |
| Title | Цирк : |
| Remainder of title | Маленькая энциклопедия / |
| Statement of responsibility, etc. | Авт.-сост. А.Я. Шнеер, Р.Е. Славский; Ред. Ю.А. Дмитриев. |
| 260 ## - PUBLICATION, DISTRIBUTION, ETC. | |
| Place of publication, distribution, etc. | Москва : |
| Name of publisher, distributor, etc. | Советская энциклопедия, |
| Date of publication, distribution, etc. | 1973. |
| 300 ## - PHYSICAL DESCRIPTION | |
| Extent | 375 стр. : |
| Other physical details | [16] л. ил., ил. ; |
| Dimensions | 21 см. |
| 440 #0 - SERIES STATEMENT/ADDED ENTRY--TITLE | |
| Title | Маленькие энциклопедии : История-наука-техника-культура, жизнь |
| 504 ## - BIBLIOGRAPHY, ETC. NOTE | |
| Bibliography, etc. note | Указатель имен, стр. 338-375 |
| 650 14 - SUBJECT ADDED ENTRY--TOPICAL TERM | |
| Topical term or geographic name entry element | Цирк |
| 650 14 - SUBJECT ADDED ENTRY--TOPICAL TERM | |
| Topical term or geographic name entry element | Энциклопедия |
| 653 0# - INDEX TERM--UNCONTROLLED | |
| Uncontrolled term | Цирковое искусство советское |
| 700 1# - ADDED ENTRY--PERSONAL NAME | |
| Personal name | Шнеер, А.Я. |
| Relator term | авт. |
| Relationship | aut |
| Relator term | сост. |
| Relationship | com |
| 700 1# - ADDED ENTRY--PERSONAL NAME | |
| Personal name | Славский, Р.Е. |
| Relator term | авт. |
| Relationship | aut |
| Relator term | сост. |
| Relationship | com |
| 700 1# - ADDED ENTRY--PERSONAL NAME | |
| Personal name | Дмитриев, Ю.А. |
| Relator term | ред. |
| Relationship | edt |
| Withdrawn status | Lost status | Damaged status | Not for loan | Collection | Home library | Current library | Date acquired | Total checkouts | Full call number | Barcode | Date last seen | Price effective from | Koha item type | Public note |
|---|---|---|---|---|---|---|---|---|---|---|---|---|---|---|
| General | Fundamental Scientific Library | Fundamental Scientific Library | 09/01/2017 | PII/308230 | FL0202164 | 09/01/2017 | 09/01/2017 | Գրքեր / Books | 30 Days Loan |
ՀՀ Գիտությունների ազգային ակադեմիայի հիմնարար գիտական գրադարան = Fundamental Scientific Library of NAS RA
All site content, except where otherwise noted, is licensed under a